Statistics for Top 500 baby boy names Scotland 2020

Click here to take the quiz!

General Stats

  • This quiz has been taken 815 times
    (787 since last reset)
  • The average score is 194 of 500

Answer Stats

RankHintAnswer% Correct
1JJack
97%
3JJames
97%
24HHarry
96%
5OOliver
96%
92JJohn
94%
101HHenry
91%
81RRobert
91%
38WWilliam
90%
115AAlex
89%
66MMichael
88%
2NNoah
88%
18TThomas
88%
8AAlexander
87%
435CCal
87%
12CCharlie
87%
78DDavid
87%
76AAndrew
86%
94BBen
86%
34LLiam
86%
168CCharles
85%
242DDanny
85%
55MMatthew
85%
62NNathan
85%
497FFred
84%
70JJoseph
84%
43LLuca
84%
11LLucas
84%
310LLucca
84%
200LLukas
84%
118ZZac
84%
212ZZach
84%
135ZZack
84%
158ZZak
84%
65BBenjamin
83%
4LLeo
83%
25AAdam
82%
116CChristopher
82%
41LLuke
82%
30OOscar
82%
228OOskar
82%
319TTom
82%
80JJackson
81%
141JJaxson
81%
252JJoe
81%
109JJosh
81%
218PPaul
81%
258MMark
80%
420RRichard
80%
60RRyan
80%
27DDaniel
79%
211PPeter
79%
140EEdward
78%
6HHarris
78%
54GGeorge
77%
20JJacob
77%
446JJakob
77%
29JJoshua
77%
74LLeon
77%
133SSam
77%
129ZZachary
76%
45AAaron
75%
36EEthan
75%
15LLewis
75%
82SSamuel
75%
23FFreddie
74%
296FFreddy
74%
358IIan
74%
77OOwen
74%
52AArran
73%
31AArthur
73%
71LLouie
73%
75LLouis
73%
28TTommy
73%
110AAiden
72%
16FFinn
72%
170JJay
72%
246NNicholas
72%
219SSean
72%
388SShaun
72%
176BBilly
71%
146EEli
71%
35HHarrison
71%
209JJason
71%
195MMohammad
71%
32MMuhammad
71%
289NNathaniel
71%
13AAlfie
70%
63IIsaac
70%
46JJamie
70%
253JJonathan
70%
22MMax
70%
317SStephen
70%
10AArchie
69%
494DDillon
69%
86DDylan
69%
177FFindlay
69%
21LLogan
69%
19MMason
69%
248SSteven
69%
14TTheo
69%
164AAnthony
68%
48CCameron
68%
9FFinlay
68%
89FFinley
68%
125KKyle
68%
152MMarcus
68%
371TTimothy
68%
40CCallum
67%
136CCalum
67%
330DDean
67%
169JJake
67%
282CChristian
66%
95FFrankie
66%
454LLeonard
66%
131TTyler
66%
69CConnor
65%
156CConor
65%
100EElijah
65%
188KKevin
65%
139PPatrick
65%
262AAlbert
64%
240BBobby
64%
351BBrandon
64%
26OOllie
64%
154OOlly
64%
145JJordan
63%
58KKai
63%
424XXavier
63%
204AAli
62%
49CCaleb
62%
122EEvan
62%
144GGregor
62%
227KKaleb
62%
7RRory
62%
239AAlan
61%
208FFrederick
61%
458MMartin
61%
278AAlfred
60%
127MMohammed
60%
50TTheodore
60%
294EEric
59%
102JJayden
58%
87JJoey
58%
68RRiley
58%
465SSimon
58%
291VVincent
58%
417PPhilip
57%
274TTaylor
57%
320VVictor
57%
214BBradley
56%
402DDonald
56%
442EEddie
56%
285FFrancis
55%
268IIvan
55%
254JJulian
55%
161SScott
55%
185XXander
55%
175ZZander
55%
64CCole
54%
99EElliot
54%
39HHunter
54%
335KKarter
54%
418RRay
54%
112SSebastian
54%
53CCarter
53%
286HHugh
53%
210JJoel
53%
194JJonah
52%
287LLeonardo
52%
413NNoel
52%
42BBlake
51%
151HHarvey
51%
96RRobbie
51%
477AAnton
50%
143CCalvin
50%
148HHugo
50%
277ZZayn
50%
364MMaxwell
49%
192RRonnie
49%
231AAdrian
48%
350BBear
48%
490CCory
48%
400DDamian
48%
157FFelix
48%
190QQuinn
48%
279AAshton
47%
137CCorey
47%
166DDominic
47%
160LLevi
47%
179MMiles
47%
452LLee
46%
33RRoman
46%
90TTeddy
46%
113AAustin
45%
485BBrendan
45%
17BBrodie
45%
98BBrody
45%
84CCody
45%
37JJude
45%
173RRoss
45%
124RRowan
45%
304SStanley
45%
130GGabriel
44%
153MMilo
44%
56RReuben
44%
184TToby
44%
493DDerek
43%
61HHamish
43%
333HHarley
43%
114JJax
43%
447JJaxx
43%
232AAlasdair
42%
205AAlistair
42%
47AAngus
42%
72CCooper
42%
199HHayden
42%
225JJasper
42%
288MMarco
42%
381MMitchell
42%
462NNeil
42%
108CCarson
41%
221CCiaran
41%
293EElias
41%
298JJesse
41%
334KKarson
41%
120PParker
41%
44AArlo
40%
88EEllis
40%
147FFlynn
40%
67GGrayson
40%
405GGreyson
40%
172NNiall
40%
427AAlbi
39%
234AAsher
39%
488BBruce
39%
318SStuart
39%
249AAntoni
38%
354CCraig
38%
267DDarren
38%
275TTobias
38%
323ZZain
38%
261AAbel
37%
436CChase
37%
187DDouglas
37%
59FFraser
37%
346RRalph
37%
191RRobin
37%
197SSeth
37%
401DDennis
36%
149EEzra
36%
128RRonan
36%
165AAxel
35%
331DDexter
35%
142RRhys
35%
230RRiver
35%
450KKasper
34%
171KKieran
34%
301MMac
34%
342MMalcolm
34%
302MMatteo
34%
121RReggie
34%
220SSpencer
34%
104AAidan
33%
483BBarry
33%
352CCasper
33%
309KKade
33%
117KKayden
33%
207DDeclan
32%
159EEwan
32%
51JJaxon
32%
103LLachlan
32%
341MMack
32%
315NNolan
32%
470TTristan
32%
198CCian
31%
105FFergus
31%
111HHudson
31%
178KKian
31%
163NNico
31%
414OOmar
31%
201RRex
31%
264BBailey
30%
265BBrayden
30%
355CCurtis
30%
271LLincoln
30%
290RReece
30%
306AArchibald
29%
433CCade
29%
238KKeir
29%
311MMicah
29%
314NNate
29%
107AAlbie
28%
233AArcher
28%
85BBlair
27%
399CClay
27%
266CColton
27%
441DDonnie
27%
216DDuncan
27%
392AAlec
26%
213BBeau
26%
451LLaurence
26%
344MMikey
26%
276TTravis
26%
492DDamon
25%
457MMackenzie
25%
57SSonny
25%
396BBryce
24%
329CClayton
24%
182KKaiden
24%
453LLenny
24%
79MMurray
24%
247OOtis
24%
155RRuben
24%
325AAhmed
23%
327AAvery
23%
224JJace
23%
123LLyle
23%
202RRocco
23%
273RRudy
23%
292AAce
22%
434CCaden
22%
404GGlen
22%
357HHector
22%
363MMarley
22%
411MMateo
22%
370SSolomon
22%
236CCayden
21%
256KKillian
21%
162LLayton
21%
362LLennox
21%
487BBrooklyn
20%
281CCasey
20%
186CChester
20%
150CCillian
20%
181IIbrahim
20%
193JJenson
20%
340LLuka
20%
422RRyder
20%
321VVinnie
20%
484BBentley
19%
398CCallen
19%
373FFabian
19%
244JJensen
19%
448JJett
19%
257LLennon
19%
312MMohamed
19%
482AAston
18%
332EEnzo
18%
126EEuan
18%
472WWallace
18%
476AAbdul
17%
241CClark
17%
377MMaddox
17%
196OOdin
17%
428AAri
16%
235CCampbell
16%
495EEden
16%
498HHarper
16%
297IIvor
16%
255KKeegan
16%
106LLochlan
16%
183MMiller
16%
416OOtto
16%
229PPhoenix
16%
73RRuaridh
16%
322YYusuf
16%
372BBodhi
15%
97CCallan
15%
455LLorenzo
15%
215CColby
14%
250CCruz
14%
138EElliott
14%
307FFletcher
14%
269JJan
14%
226JJunior
14%
119MMagnus
14%
412MMaverick
14%
93MMyles
14%
384RRafael
14%
386RRegan
14%
180RRio
14%
339LLeighton
13%
367OOrin
13%
464SSidney
13%
475ZZion
13%
489BBuddy
12%
222CCohen
12%
83IInnes
12%
270KKerr
12%
460MMonty
12%
345NNiko
12%
419RRemy
12%
305AAbdullah
11%
443EErik
11%
263AAyden
10%
430AAydin
10%
295FFionn
10%
407IIdris
10%
374IIgor
10%
337KKobe
10%
361LLawson
10%
260OOakley
10%
391AAlastair
9%
429AAtlas
9%
440DDenver
9%
378MMaximillan
9%
380MMilan
9%
245MMylo
9%
383OOisin
9%
189OOran
9%
303RRohan
9%
174RRuairi
9%
369RRuaraidh
9%
328CCaiden
8%
438CConan
8%
376KKit
8%
259MMurdo
8%
385RRamsay
8%
347RRoddy
8%
167SShay
8%
134SStruan
8%
469SSyed
8%
324AAhmad
7%
480AAron
7%
206AAyaan
7%
132CCaelan
7%
284EEoin
7%
223FFilip
7%
406HHamza
7%
375JJayce
7%
449KKaelan
7%
360KKylo
7%
456LLyall
7%
343MMalik
7%
368RReid
7%
348RRogan
7%
426AAayan
6%
338KKole
6%
421RRoan
6%
387SSami
6%
481AAryan
5%
394AAyan
5%
432BBeauden
5%
243DDominik
5%
336KKayson
5%
409KKody
5%
463OOzzy
5%
91RRuairidh
5%
203RRudi
5%
390AAjay
4%
437CCoen
4%
237CConall
4%
283DDarragh
4%
251JJakub
4%
299KKacper
4%
217MMarcel
4%
313MMusa
4%
365MMustafa
4%
272NNairn
4%
316RRayan
4%
466SSoren
4%
326AAleksander
3%
479AArjun
3%
431AAzlan
3%
280CCailean
3%
397CCairn
3%
353CCorran
3%
403EEesa
3%
308FFranciszek
3%
499HHassan
3%
359KKobi
3%
410KKylan
3%
300LLauchlan
3%
461NNatan
3%
382NNikodem
3%
366OOdhran
3%
415OOmer
3%
473WWiktor
3%
349YYahya
3%
425ZZayan
3%
393AAodhan
2%
478AArham
2%
395AAzaan
2%
486BBroden
2%
491CCruiz
2%
439DDawid
2%
444EEryk
2%
445EEyad
2%
356FFynn
2%
500HHenryk
2%
408IIsmail
2%
459MMatei
2%
379MMikolaj
2%
467SSorley
2%
389TTorin
2%
423TTymon
2%
471TTymoteusz
2%
474ZZakariya
2%
468SStainislaw
1%
496EEzekial
0%

Score Distribution

Percentile by Number Answered

Percent of People with Each Score

Your Score History

You have not taken this quiz since the last reset